000 01458nam a22002657a 4500
001 3992
003 FISKH
005 20240529125831.0
008 240529b cb ||||| |||| 00| 0 eng d
020 _a9780062225733
040 _aFISKH
_beng
_cFISKH
_dFISKH
050 _aPR6066.R34
082 _a823.914
100 _aPratchett Terry
_d1948-2015
245 _aWyrd Sisters /
_cTerry Pratchett
260 _aNew York :
_bHarper,
_c2013
300 _a360 pages :
_c20 cm
505 _aM
520 _aTerry Pratchett's fantasy classic Wyrd Sisters, a novel in the Discworld series, is the story of Granny Weatherwax, the most highly regarded non-leader a coven of non-social witches could ever have. Generally, these loners don't get involved in anything, much less royal intrigue. But then there are those times they can't help it. As Granny Weatherwax is about to discover, though, it's a lot harder to stir up trouble in the castle than some theatrical types would have you think. Even when you've got a few unexpected spells up your sleeve. Granny Weatherwax teams with two other witches - Nanny Ogg and Margat Garlick - as an unlikely alliance to save a prince and restore him to the throne of Lancre, in a tale that borrows - or is it parodies - some of William Shakespeare's best-loved works.
521 8 _a700
_bLexile
521 8 _aM
_bRaz-Plus
700 _aTerry Pratchett
942 _2ddc
_cBK
_n0
999 _c3992
_d3992